| 000 | 00712nam a2200217Ia 4500 | ||
|---|---|---|---|
| 003 | OSt | ||
| 005 | 20251125162125.0 | ||
| 008 | 210719s2015 xx 000 0 und d | ||
| 040 | _cAL | ||
| 041 | _aKonkani | ||
| 082 | _a891.46308 CHIK | ||
| 100 |
_aCHINNA (Kasaragod) Psued Shrinivas Rav _dಚಿನ್ನಾ (ಕಾಸರಗೋಡು) ಶ್ರೀನಿವಾಸ್ ರಾವ್ _9246816 |
||
| 245 |
_aKannadacho teesa kaniyo _b ಕನ್ನಡ ಚೋ ತೀಸ ಕಾಣಿಯೋ |
||
| 260 |
_aKasaragod _c2015 |
||
| 300 |
_axiv,410 _bHB |
||
| 365 |
_b300 _cRs |
||
| 650 |
_aKonkani Fiction _9246817 |
||
| 650 |
_aKonkani Fiction _9246817 |
||
| 906 | _akaniyo ; Kannadacho ; teesa | ||
| 942 |
_2ddc _cBK |
||
| 999 |
_c215809 _d215809 |
||